| 000 | 01122nam a22002417a 4500 | ||
|---|---|---|---|
| 005 | 2010071403243.0 | ||
| 008 | 100714t xxu||||| |||| 00| 0 eng d | ||
| 010 | _aENG-96394 | ||
| 020 |
_a9780198069928 _c350.00 |
||
| 035 | _aEN-79927 | ||
| 037 | _bDBAD / PUB | ||
| 040 |
_adpl _bEnglish |
||
| 082 | _a882.08 | ||
| 100 | _aElkunchwar, Mahesh | ||
| 245 |
_aCollected plays of Mahesh Elkunchwar : _bGarbo, Desire in the rocks, Old stone mansion, Reflection, Sonata, An Actor exists / _cwith an introduction by Samik Bandyopadhyay |
||
| 260 |
_aNew Delhi _bOxford University Press _c2010 |
||
| 270 |
_aYMCA Library Building, Jai Singh Road, _bNew Delhi _e110001 |
||
| 300 |
_axxxi, 336p. : _c23cm (pbk) _bb&w photos |
||
| 600 |
_aElkunchwar, Mahesh, 1939- _vTranslations into English. |
||
| 942 |
_2ddc _cEN _mELK _h882.08 |
||
| 999 |
_c36934 _d36934 |
||